| 000 | 00454nam a2200181Ia 4500 | ||
|---|---|---|---|
| 003 | GCL | ||
| 008 | 140319s9999 xx 000 0 eng d | ||
| 040 |
_aGCL / _cGCL |
||
| 082 | 0 | 4 |
_a616 _bW A |
| 100 | 1 | _aWALKER, ERIC | |
| 245 | 1 | 0 |
_aA B C OF HEALTHY TRAVEL / _cWALKER, ERIC |
| 700 | 1 | _aWILLIAM, GLYN | |
| 700 | 1 | _aRAESIDE, FIONA | |
| 260 |
_a[S.N] : _bB M J PUBLISHING GROUP |
||
| 650 | 0 | 4 | _aDISEASES |
| 650 | 0 | 4 | _aMEDICAL SCIENCE |
| 942 |
_2ddc _cBK |
||
| 999 |
_c10718 _d10718 |
||